| 000 | 00889cam a2200301 4500 | ||
|---|---|---|---|
| 001 | 12496 | ||
| 003 | BD-RjUL | ||
| 005 | 20211208235314.0 | ||
| 008 | 140129r19811972enka b 000 0 eng | ||
| 020 |
_a0713123559 _a0713123567 (pbk.) |
||
| 035 | _a(BD-RjUL)12545 | ||
| 040 |
_aDLC _cDLC _dDLC _dBD-RjUL _beng |
||
| 041 | _aeng | ||
| 082 | 0 | 0 |
_a598.218 _bPEA |
| 100 | 1 |
_aPennycuick, C. J. _q(Colin J.) _938898 |
|
| 245 | 1 | 0 | _aAnimal flight. / |
| 260 |
_aLondon : _bEdward Arnold, _c1972.[reprinted1981] |
||
| 300 |
_a[4], 68, [4] p. : _billus. ; _c23 cm. |
||
| 350 | _a£1.20 | ||
| 490 | 1 | _aThe Institute of Biology's studies in biology, no. 33 | |
| 504 | _aBibliography: p. 67-68. | ||
| 650 | 0 |
_aFlight. _924874 |
|
| 830 | 0 |
_vno. 33. _938910 |
|
| 830 | 0 |
_aInstitute of Biology's studies in biology ; _938911 |
|
| 942 |
_2ddc _cBK |
||
| 999 |
_c12496 _d12496 |
||